MDQL
is popping MORE tags! Check the
thread
!
Quizzes
Events
Quiz Creation
Community
Videos
Private Events
Remove Ads
Sign In
Join for FREE
Feedback
Dark Mode
Quiz Categories
Sports
Geography
Music
Movies
Television
Just For Fun
Miscellaneous
History
Literature
Language
Science
Gaming
Entertainment
Religion
Holiday
For Kids
Quiz Lab
Recent
Popular Today
Quiz Kudos Today
Editor Picks
Curator Picks
Quizzes by...
Day
Popularity
Type
Ratings
Length
Year
Community
Subscriptions
Recent Discussions
Orange Saloon
Badges
Playlists
Quests
Create
Leaderboards
Showdown
Live 5
Trivia Bingo
Activity
Puzzle Library
Sporcle Events
Private Events
Virtual Trivia
Globe League
Become a Host
Pub Owners
SporcleCon
Opinionation
Our Games
Videos
Blog
Mobile Apps
Partnerships
Remove Ads and Go Orange
Feedback
Sports
Athletes
MLB
NBA
NHL
NFL
Soccer
Sports Teams
WWE
NCAA
Football
Premier League
Basketball
Baseball
Hockey
Golf
Tennis
Cricket
Rugby
Auto Racing
Olympics
World Cup
Sports
Athletes
MLB
NBA
NHL
NFL
Soccer
Sports Teams
WWE
NCAA
Football
Premier League
Basketball
Baseball
Hockey
Golf
Tennis
Cricket
Rugby
Auto Racing
Olympics
World Cup
Random Quiz
Search Sporcle
×
Quiz Lab
Quiz Lab
Sports
NBA
Type in answers that appear in a list
Type in answers that appear in a list
Classic
Best Score? Go Orange.
My top 100 Nba players 2017-2018 (Copy) Stats
Can you name the My top 100 Nba players 2017-2018?
By
Peopleperson3652
14m
100 Questions
64 Plays
64 Plays
64 Plays
Comments
Comments
Give Quiz Kudos
Give Quiz Kudos
-
- Ratings
hide this ad
Replay
Link that replays current quiz
Next Quiz
Link to next quiz in quiz playlist
You Got
0%
They Got
Avg Score
72%
Avg Friend Score
Upgrade to see
Score Distribution
Jump to the score distribution portion of the page
Score
0/100
Timer
14:00
0
Plays Today
Hint
Name
% Correct
Cleveland Cavaliers
Lebron James
100%
Oklahoma City Thunder
Russell Westbrook
96.9%
Houston Rockets
James Harden
96.9%
Golden State Warriors
Stephen Curry
96.9%
Golden State Warriors
Kevin Durant
95.3%
New Orleans Pelicans
Anthony Davis
95.3%
San Antonio Spurs
Kawhi Leonard
95.3%
Houston Rockets
Chris Paul
95.3%
Minnesota Timberwolves
Karl-Anthony Towns
95.3%
Minnesota Timberwolves
Andrew Wiggins
93.8%
Oklahoma City Thunder
Paul George
92.2%
Minnesota Timberwolves
Jimmy Butler
92.2%
Golden State Warriors
Draymond Green
92.2%
Washington Wizards
John Wall
92.2%
Boston Celtics
Kyrie Irving
92.2%
New Orleans Pelicans
Demarcus Cousins
92.2%
Golden State Warriors
Klay Thompson
92.2%
Charlotte Hornets
Kemba Walker
92.2%
Cleveland Cavaliers
Kevin Love
92.2%
San Antonio Spurs
Danny Green
92.2%
Cleveland Cavaliers
Tristan Thompson
92.2%
Portland Trail Blazers
Damian Lillard
90.6%
Boston Celtics
Gordon Hayward
90.6%
Toronto Raptors
Kyle Lowry
90.6%
Memphis Grizzlies
Marc Gasol
90.6%
Denver Nuggets
Paul Millsap
90.6%
Los Angeles Clippers
Blake Griffin
90.6%
Toronto Raptors
DeMar Derozan
90.6%
Los Angeles Clippers
DeAndre Jordan
90.6%
Philadelphia 76ers
Joel Embiid
90.6%
San Antonio Spurs
Pau Gasol
90.6%
Milwaukee Bucks
Giannis Antetokounmpo
89.1%
Memphis Grizzlies
Mike Conley
89.1%
Washington Wizards
Bradley Beal
89.1%
Hint
Name
% Correct
Miami Heat
Hassan Whiteside
89.1%
Denver Nuggets
Nikola Jokic
87.5%
New York Knicks
Kristaps Porzingis
87.5%
Cleveland Cavaliers
Isiah Thomas
87.5%
Portland Trail Blazers
C.J. McCollum
87.5%
Pheonix Suns
Eric Bledsoe
85.9%
Utah Jazz
Rudy Gobert
84.4%
San Antonio Spurs
LaMarcus Aldridge
84.4%
Oklahoma City Thunder
Steven Adams
84.4%
Indiana Pacers
Myles Turner
81.3%
Los Angeles Lakers
Brook Lopez
81.3%
Boston Celtics
Al Horford
81.3%
Oklahoma City Thunder
Carmelo Anthony
81.3%
Los Angeles Lakers
Lonzo Ball
81.3%
Milwaukee Bucks
Khris Middleton
79.7%
San Antonio Spurs
Patty Mills
78.1%
Pheonix Suns
Devin Booker
76.6%
Philadelphia 76ers
Ben Simmons
76.6%
Utah Jazz
Ricky Rubio
73.4%
Indiana Pacers
Victor Oladipo
73.4%
Cleveland Cavaliers
Jae Crowder
71.9%
Miami Heat
Goran Dragic
71.9%
Dallas Mavericks
Dirk Nowitzki
71.9%
Detroit Pistons
Andre Drummond
70.3%
Brooklyn Nets
D'Angelo Russell
70.3%
Houston Rockets
Eric Gordon
68.8%
Orlando Magic
Aaron Gordon
68.8%
New Orleans Pelicans
Jrue Holiday
67.2%
Los Angeles Clippers
Patrick Beverley
64.1%
Sacramento Kings
George Hill
62.5%
Toronto Raptors
Serge Ibaka
62.5%
Minnesota Timberwolves
Jeff Teague
62.5%
Philadelphia 76ers
J.J. Redick
62.5%
Dallas Mavericks
Harrison Barnes
60.9%
Hint
Name
% Correct
Charlotte Hornets
Nicholas Batum
60.9%
Boston Celtics
Marcus Smart
59.4%
Philadelphia 76ers
Robert Covington
57.8%
Houston Rockets
Clint Capela
57.8%
Los Angles Clippers
Lou Williams
57.8%
Oklahoma City Thunder
Andre Roberson
57.8%
Houston Rockets
Ryan Anderson
57.8%
Golden State Warriors
Andre Iguodala
56.3%
Los Angeles Clippers
Danilo Gallinari
56.3%
Detroit Pistons
Avery Bradley
56.3%
Washington Wizards
Markieff Morris
56.3%
Philadelphia 76ers
Markelle Fultz
56.3%
Milwaukee Bucks
Malcolm Brogdon
53.1%
Houston Rockets
Trevor Ariza
51.6%
Utah Jazz
Rodney Hood
51.6%
Denver Nuggets
Gary Harris
50%
Miami Heat
Dion Waiters
50%
Miami Heat
James Johnson
48.4%
Washington Wizards
Otto Porter-Jr
46.9%
Atlanta Hawks
Dennis Schroder
46.9%
Portland Trail Blazers
Jusuf Nurkic
46.9%
Los Angeles Lakers
Kentavious Caldwell-Pope
45.3%
Milwaukee Bucks
Greg Monroe
40.6%
San Antonio Spurs
Ginobili
40.6%
Utah Jazz
Derrick Favors
39.1%
Charlotte Hornets
Cody Zeller
37.5%
Charlotte Hornets
Michael Kidd-Gilchrist
35.9%
Dallas Mavericks
Dennis Smith-Jr
35.9%
Dallas Mavericks
Nerlens Noel
32.8%
Oklahoma City Thunder
Patrick Patterson
29.7%
Minnesota Timberwolves
Gorgui Dieng
26.6%
Chicago Bulls
Nikola Mirotic
26.6%
Quiz Playlist
Details
Report
Send in Message
Add To Playlist
Classic:
Type in answers that appear in a list
Last Updated: Nov 25, 2017
Quiz Scoreboard
CHALLENGE
Sign Up to Join the Scoreboard
Show All
Scores
Hide
Comments
May contain spoilers
Recently Published
Street Fighter Characters
by Artimus82
Gaming
60s
9x9 Crossword: Cartoon Network
by jackfrog10
Miscellaneous
3m
College Basketball Coaching Resumes
by pancakes188
Sports
9m
More to Explore
Quiz From the Vault
Featured Blog Post
Where Did the Easter Bunny Come From?
hide this ad
You Might Also Like...
Tags
NBA Quiz
100
2017-2018
Player
Today's Top Quizzes in Sports
Browse Sports
hide this ad
Today's Top Quizzes in NBA
Browse NBA
Top Contributed Quizzes in Sports
1
2022 World Cup Stars
2
Les meilleurs buteurs des matchs entre le PSG et l’OM
3
FIFA Club World Cup Champions
4
Les entraîneurs de l'OM et du PSG au 21e siècle
5
Criteria MLB: Left Handed Sluggers
6
2023 MLB Unique Player Accomplishments
7
AFC Teams Reveal (Wrong Answers Minefield)
8
5-to-1: FBS Animal Nicknames
9
Players with Multiple 50 Home Run Seasons
10
5-to-1: UK Sports Teams
Explore More
Trending Topics
Marvel
Harry Potter
NBA
Anime
Kpop
Disney
Crossword
WWE
Song
Country
NFL
The Office
Puzzle
Soccer
Pokémon
hide this ad
More By:
Peopleperson3652
Quiz
Plays
Rating
Category
Featured
Created
My top 100 Nba players 2017-2018 (Copy)
64
1.25
Sports
Nov 25, 2017
Go to Creator's Profile
Score Distribution
Quiz Creator Spotlight
Peopleperson3652
Follow
Send a Message
Quizzes Created
-
Created Quiz Play Count
-
More By This Creator
Popular Quizzes Today
1
Find the US States - No Outlines Minefield
2
Find the Countries of Europe - No Outlines Minefield
3
The Countries of the World
4
Find the US States
5
Risky Map Clicking: Biggest States A-Z
6
US States
7
Popular People in 1961
8
Movies - When Are They Set?
More Sports Quizzes
F1 2018 Quiz
Quiz Lab
Trending Quizzes
Risky Map Clicking: Least Populous States A-Z
Countries of the World: 200 Million BC
1-10 Letter G Words
Risky Map Clicking: Next State Alphabetically
Adjectives in 80s TV Shows
Recently Updated
Leaping Animals
pecheneg
Reality TV Shows (A-Z)
bhenderson79
Rickey Henderson's Hall of Fame Teammates
pecheneg
Champions League XIs: Arsenal
pecheneg
Quick Pick: Celebrities in WWE's Hall of Fame
aduchscher
A-Z Keypad Blitz II
pecheneg
Multiple Oscar Actors
pecheneg
Mystery Phrase Blitz: Oscar 'Best Actors'
pecheneg
F. Scott Fitzgerald Novels
LTH
Pick 3 Villains
ddd62291
Trending Topics
Marvel
NBA
Anime
Crossword
Disney
Harry Potter
Kpop
The Office
Song
Country
Pokémon
NFL
Puzzle
Soccer
WWE
Your Account Isn't Verified!
In order to create a playlist on Sporcle, you need to verify the email address you used during registration. Go to your
Sporcle Settings
to finish the process.
Report this User
Report this user for behavior that violates our
Community Guidelines
.
Details:
Send Report
Go to the Sporcle.com Mobile Site →
Comments